Music: Guess the 1980s Songs from their Opening Lines - Part II - Statistics

General Stats
  • This quiz has been taken 85 times
  • The average score is 6 of 20
Answer Stats
Opening Lines Song % Correct
You were working as a waitress in a cocktail bar when I met you Don't You Want Me
78%
We can dance if we want to, we can leave your friends behind The Safety Dance
61%
Last night I dreamt of San Pedro La Isla Bonita
55%
She'll only come out at night, the lean and hungry type Maneater
55%
See the stone set in your eyes, see the thorn twist in your side With or Without You
52%
Hey little girl is your daddy home? Did he go and leave you all alone? I'm On Fire
49%
I'm gonna make a change, for once in my life, It's gonna feel real good, gonna make a difference Man in the Mirror
45%
She calls out to the man in the street, "Sir, can you help me?" Another Day in Paradise
39%
It was a theme she had on a scheme he had, told in a foreign land China in your Hand
25%
All I wanna do when I wake up in the morning is see your eyes Rosanna
25%
Move yourself, you always live your life never thinking of the future Owner of a Lonely Heart
24%
Well we know where we're going, but we don't know where we've been Road to Nowhere
22%
Take your baby by the hand and make her do a high handstand Dance Hall Days
21%
Yo, pretty ladies around the world, got a weird thing to show you Word Up
21%
Thank you for coming home, sorry that the chairs are all worn Gold
18%
Can you hear me calling out your name? You know that I'm falling and I don't know what to say Everywhere
16%
Here I go, out to sea again, the sunshine fills my hair and dreams hang in the air Wonderful Life
12%
Each day I live I want to be a day to give the best of me One Moment in Time
9%
In this proud land we grew up strong, we were wanted all along Don't Give Up
7%
Conversation is going round, people talking 'bout the girl who's come to town Fresh
3%
No matching quizzes found
Score Distribution
Percent of People with Each Score
Percentile by Number Answered
Your Score History
You have not taken this quiz